|
|
|
|
| LEADER |
03501nam a2200517 i 4500 |
| 001 |
EBC1684537 |
| 003 |
MiAaPQ |
| 005 |
20200520144314.0 |
| 006 |
m o d | |
| 007 |
cr cnu|||||||| |
| 008 |
131217s2014 ncuab ob 001 0 eng|d |
| 020 |
|
|
|z 9780822356301 (cloth : alk. paper)
|
| 020 |
|
|
|z 9780822356387 (pbk. : alk. paper)
|
| 020 |
|
|
|a 9780822376842 (e-book)
|
| 035 |
|
|
|a (MiAaPQ)EBC1684537
|
| 035 |
|
|
|a (Au-PeEL)EBL1684537
|
| 035 |
|
|
|a (CaPaEBR)ebr10869679
|
| 035 |
|
|
|a (CaONFJC)MIL605127
|
| 035 |
|
|
|a (OCoLC)879550912
|
| 040 |
|
|
|a MiAaPQ
|b eng
|e rda
|e pn
|c MiAaPQ
|d MiAaPQ
|
| 043 |
|
|
|a nwcu---
|
| 050 |
|
4 |
|a F1784
|b .S73 2014
|
| 082 |
0 |
|
|a 972.91/05
|2 23
|
| 245 |
0 |
0 |
|a State of ambiguity :
|b civic life and cultural form in Cuba's first republic /
|c Steven Palmer, Jose Antonio Piqueras, and Amparo Sanchez, editors.
|
| 264 |
|
1 |
|a Durham :
|b Duke University Press,
|c 2014.
|
| 300 |
|
|
|a 1 online resource (372 pages) :
|b illustrations, maps
|
| 336 |
|
|
|a text
|2 rdacontent
|
| 337 |
|
|
|a computer
|2 rdamedia
|
| 338 |
|
|
|a online resource
|2 rdacarrier
|
| 504 |
|
|
|a Includes bibliographical references and index.
|
| 505 |
0 |
|
|a Revisiting Cuba's first republic / Steven Palmer, Jose Antonio Piqueras, and Amparo Sanchez -- A sunken ship, a bronze eagle, and the politics of memory: the "social life" of the USS Maine in Cuba (1898-1961) / Marial Iglesias Utset -- Shifting sands of Cuban science, 1875-1933 / Steven Palmer -- Race, labor, and citizenship in Cuba: a view from the sugar district of Cienfuegos, 1886-1909 / Rebecca J. Scott -- Slaughterhouses and milk consumption in the "sick republic": socio-environmental change and sanitary technology in Havana, 1890-1925 / Reinaldo Funes Monzote -- Attributes for the capital of an austere republic / Jose Antonio Piqueras Arenas -- Transcending borders: tierra! and the expansion of anarchism in Cuba after independence / Amparo Sanchez -- Steeds, cocks, and guayaberas: the social impact of agrarian reorganization in the republic / Imilcy Balboa Navarro -- District 25: rotary clubs and regional civic power in Cuba, 1916-1940 / Maikel Farinas Borrego -- El naciente publico oyente: towards a genealogy of the audience in early republican Cuba / Alejandra Bronfman -- New knowledge for new times: the sociedad del folklore Cubano during the "critical decade" (1923-1930) / Ricardo Quiza Moreno -- Nation, state, and the making of the Cuban working class, 1920-1940 / Robert Whitney.
|
| 588 |
|
|
|a Description based on print version record.
|
| 590 |
|
|
|a Electronic reproduction. Ann Arbor, MI : ProQuest, 2015. Available via World Wide Web. Access may be limited to ProQuest affiliated libraries.
|
| 651 |
|
0 |
|a Cuba
|x History
|y 19th century.
|
| 651 |
|
0 |
|a Cuba
|x History
|y 20th century.
|
| 651 |
|
0 |
|a Cuba
|x Politics and government
|y 19th century.
|
| 651 |
|
0 |
|a Cuba
|x Politics and government
|y 20th century.
|
| 651 |
|
0 |
|a Cuba
|x Civilization
|y 19th century.
|
| 651 |
|
0 |
|a Cuba
|x Civilization
|y 20th century.
|
| 655 |
|
4 |
|a Electronic books.
|
| 700 |
1 |
|
|a Palmer, Steven Paul,
|e editor.
|
| 700 |
1 |
|
|a Piqueras Arenas, Jose A.
|q (Jose Antonio),
|d 1955-
|e editor.
|
| 700 |
1 |
|
|a Sanchez Cobos, Amparo,
|e editor.
|
| 776 |
0 |
8 |
|i Print version:
|t State of ambiguity : civic life and cultural form in Cuba's first republic.
|d Durham : Duke University Press, 2014
|z 9780822356301
|w (DLC)10869679
|
| 797 |
2 |
|
|a ProQuest (Firm)
|
| 856 |
4 |
0 |
|u https://ebookcentral.proquest.com/lib/matrademy/detail.action?docID=1684537
|z Click to View
|